000 00517nam a22001817a 4500
005 20251108165215.0
008 250721s1987 xx 000 0 ara d
082 1 4 _a922.1/محم
100 1 _aعمارة، محمد
245 1 0 _aأبو الأعلى المودودي و الصحوة الإسلامية /
264 1 _aبيروت :
_bدار الشروق،
_c1987.
300 _a455ص
650 1 7 _aالإسلام
650 1 7 _aالتراجم
650 1 7 _aالمسلمون
942 _2ddc
_cBK
999 _c22148
_d22148